LEADER 02255oam 2200637I 450 001 9910451211703321 005 20200520144314.0 010 $a1-134-90199-2 010 $a1-280-14303-7 010 $a0-203-99328-4 024 7 $a10.4324/9780203993286 035 $a(CKB)1000000000252364 035 $a(EBL)240557 035 $a(OCoLC)475954275 035 $a(SSID)ssj0000214603 035 $a(PQKBManifestationID)11175080 035 $a(PQKBTitleCode)TC0000214603 035 $a(PQKBWorkID)10177105 035 $a(PQKB)11419264 035 $a(MiAaPQ)EBC240557 035 $a(Au-PeEL)EBL240557 035 $a(CaPaEBR)ebr10100724 035 $a(CaONFJC)MIL14303 035 $a(OCoLC)437154345 035 $a(OCoLC)243607090 035 $a(EXLCZ)991000000000252364 100 $a20180331d1994 uy 0 101 0 $aeng 135 $aur|n|---||||| 181 $ctxt 182 $cc 183 $acr 200 10$aOn language change $ethe invisible hand in language /$fRudi Keller ; translated by Brigitte Nerlich 210 1$aLondon ;$aNew York :$cRoutledge,$d1994. 215 $a1 online resource (190 p.) 300 $aDescription based upon print version of record. 311 $a0-415-07672-2 311 $a0-415-07671-4 320 $aIncludes bibliographical references and index. 327 $aBook Cover; Half-Title; Title; Copyright; Contents; Preface; Part I Exposition of the problem; Part II Solution and discussion; Notes; References; Index 330 $aIn the twentieth century paradigms of linguistics have largely left language change to one side. Rudi Keller's book is an exciting contribution to linguistic philosophy becuase it puts language change back on the linguistics agenda and demonstrates that, far from being a remote mystery, it can and should be explained. 606 $aLinguistic change 606 $aLinguistics 608 $aElectronic books. 615 0$aLinguistic change. 615 0$aLinguistics. 676 $a417.7 676 $a417/.7 700 $aKeller$b Rudi.$0221104 801 0$bMiAaPQ 801 1$bMiAaPQ 801 2$bMiAaPQ 906 $aBOOK 912 $a9910451211703321 996 $aOn language change$9567805 997 $aUNINA LEADER 01200nam 2200361 450 001 9910289357903321 005 20230814224723.0 010 $a1-5386-5645-0 035 $a(CKB)4100000007005834 035 $a(WaSeSS)IndRDA00121762 035 $a(EXLCZ)994100000007005834 100 $a20200412d2018 uy 0 101 0 $aeng 135 $aur||||||||||| 181 $ctxt$2rdacontent 182 $cc$2rdamedia 183 $acr$2rdacarrier 200 10$aCVCS 2018 $e2018 Colour and Visual Computing Symposium : 19th and 20th September, 2018, Gjøvik, Norway /$fInstitute of Electrical and Electronics Engineers 210 1$aPiscataway, New Jersey :$cInstitute of Electrical and Electronics Engineers,$d2018. 215 $a1 online resource (586 pages) 311 $a1-5386-5646-9 606 $aColor computer graphics$vCongresses 606 $aComputer graphics$vCongresses 615 0$aColor computer graphics 615 0$aComputer graphics 676 $a006.6 712 02$aInstitute of Electrical and Electronics Engineers, 801 0$bWaSeSS 801 1$bWaSeSS 906 $aPROCEEDING 912 $a9910289357903321 996 $aCVCS 2018$92539674 997 $aUNINA LEADER 04260nam 22006015 450 001 9910300147803321 005 20250718152028.0 010 $a1-4614-9587-3 024 7 $a10.1007/978-1-4614-9587-1 035 $a(CKB)3710000000078559 035 $a(Springer)9781461495871 035 $a(MH)013879511-8 035 $a(SSID)ssj0001067595 035 $a(PQKBManifestationID)11696848 035 $a(PQKBTitleCode)TC0001067595 035 $a(PQKBWorkID)11093479 035 $a(PQKB)11047623 035 $a(DE-He213)978-1-4614-9587-1 035 $a(MiAaPQ)EBC3091906 035 $a(PPN)176101624 035 $a(EXLCZ)993710000000078559 100 $a20131109d2014 u| 0 101 0 $aeng 135 $aurnn#008mamaa 181 $ctxt$2rdacontent 182 $cc$2rdamedia 183 $acr$2rdacarrier 200 10$aIntroduction to Stochastic Integration /$fby K.L. Chung, R.J. Williams 205 $a2nd ed. 2014. 210 1$aNew York, NY :$cSpringer New York :$cImprint: Birkhäuser,$d2014. 215 $a1 online resource (XVII, 276 p. 10 illus.)$conline resource 225 1 $aModern Birkhäuser Classics,$x2197-1811 300 $a"Originally published in the series Probability and its applications."--Title page verso. 311 08$a1-4614-9586-5 320 $aIncludes bibliographical references (pages 265-272) and index. 327 $a1 Preliminaries -- 2 Definition of the Stochastic Integral -- 3 Extension of the Predictable Integrands -- 4 Quadratic Variation Process -- 5 The Ito Formula -- 6 Applications of the Ito Formula -- 7 Local Time and Tanaka's Formula -- 8 Reflected Brownian Motions -- 9 Generalization Ito Formula, Change of Time and Measure -- 10 Stochastic Differential Equations -- References -- Index. 330 $aA highly readable introduction to stochastic integration and stochastic differential equations, this book combines developments of the basic theory with applications. It is written in a style suitable for the text of a graduate course in stochastic calculus, following a course in probability.   Using the modern approach, the stochastic integral is defined for predictable integrands and local martingales; then Itô?s change of variable formula is developed for continuous martingales. Applications include a characterization of Brownian motion, Hermite polynomials of martingales, the Feynman?Kac functional and the Schrödinger equation. For Brownian motion, the topics of local time, reflected Brownian motion, and time change are discussed.   New to the second edition are a discussion of the Cameron?Martin?Girsanov transformation and a final chapter which provides an introduction to stochastic differential equations, as well as many exercises for classroom use.   This book will be a valuable resource to all mathematicians, statisticians, economists, and engineers employing the modern tools of stochastic analysis.   The text also proves that stochastic integration has made an important impact on mathematical progress over the last decades and that stochastic calculus has become one of the most powerful tools in modern probability theory. ?Journal of the American Statistical Association     An attractive text?written in [a] lean and precise style?eminently readable. Especially pleasant are the care and attention devoted to details? A very fine book. ?Mathematical Reviews  . 410 0$aModern Birkhäuser Classics,$x2197-1811 606 $aProbabilities 606 $aProbability Theory 615 0$aProbabilities. 615 14$aProbability Theory. 676 $a519.2/2 700 $aChung$b Kai Lai$f1917-2009$4aut$4http://id.loc.gov/vocabulary/relators/aut$012286 702 $aWilliams$b R. J$g(Ruth J.),$f1955-$4aut$4http://id.loc.gov/vocabulary/relators/aut 801 0$bMiAaPQ 801 1$bMiAaPQ 801 2$bMiAaPQ 906 $aBOOK 912 $a9910300147803321 996 $aIntroduction to stochastic integration$9375877 997 $aUNINA 999 $aThis Record contains information from the Harvard Library Bibliographic Dataset, which is provided by the Harvard Library under its Bibliographic Dataset Use Terms and includes data made available by, among others the Library of Congress